000
00283nam a22001337a 4500
008
170731b xxu||||| |||| 00| 0 eng d
020
_a
9781416044154
041
_a
eng
080
_a
004
100
_a
32
101
_a
SHK
245
_a
2008 ICD-9- CM
_c
BUCK,C.J
942
_2
udc
_c
BK
999
_c
22193
_d
22193